Statystyki dla Puchar Świata - klasyfikacja generalna za sezon 2001/02

Kliknij tutaj aby rozwiązać quiz!

Ogólne statystyki

  • Ten quiz został rozwiązany 22 razy
  • Średni wynik to 39 z 90

Statystyki odpowiedzi

MiejsceSkoczekNarodowośćPkt% Poprawnych
1.Adam MałyszPolska1475
100%
15.Janne AhonenFinlandia356
91%
23.Noriaki KasaiJaponia219
86%
2.Sven HannawaldNiemcy1259
86%
11.Kazuyoshi FunakiJaponia460
82%
5.Martin SchmittNiemcy795
82%
7.Simon AmmannSzwajcaria628
82%
25.Primoz PeterkaSłowenia180
77%
30.Andreas KuttelSzwajcaria145
73%
4.Andreas WidhoelzlAustria874
73%
26.Jussi HautamaekiFinlandia174
73%
3.Matti HautamaekiFinlandia1048
73%
16.Robert KranjecSłowenia348
73%
49.Robert MatejaPolska50
73%
17.Roberto CeconWłochy299
73%
13.Andreas GoldbergerAustria419
68%
6.Martin HoellwarthAustria737
68%
10.Risto JussilainenFinlandia474
68%
19.Veli-Matti LindstroemFinlandia274
68%
29.Wolfgang LoitzlAustria146
68%
20.Alan AlbornStany Zjednoczone263
64%
18.Hideharu MiyahiraJaponia279
64%
32.Jakub JandaCzechy141
64%
8.Martin KochAustria561
64%
9.Stephan HockeNiemcy508
64%
59.Takanobu OkabeJaponia18
64%
38.Masahiko HaradaJaponia97
59%
28.Michael UhrmannNiemcy152
59%
14.Peter ZontaSłowenia364
59%
83.Wojciech SkupieńPolska4
59%
33.Alexander HerrNiemcy129
55%
55.Marcin BachledaPolska26
55%
35.Roar LjoekelsoeyNorwegia117
55%
12.Stefan HorngacherAustria434
55%
Emmanuel ChedalFrancja9
50%
34.Georg SpathNiemcy118
50%
77.Heung-Chul ChoiKorea Południowa5
50%
Łukasz KruczekPolska5
50%
52.Michael NeumayerNiemcy39
50%
Rok BenkovicSłowenia5
50%
37.Tami KiuruFinlandia101
50%
43.Tommy IngebrigtsenNorwegia66
50%
48.Arttu LappiFinlandia51
45%
46.Janne HapponenFinlandia56
45%
73.Tomisław TajnerPolska7
45%
53.Akira HigashiJaponia38
41%
47.Clint JonesStany Zjednoczone55
41%
27.Damjan FrasSłowenia153
41%
40.Igor MedvedSłowenia69
41%
51.Kazuya YoshiokaJaponia45
41%
42.Nicolas DessumFrancja67
41%
Tomasz PochwałaPolska38
41%
36.Anders BardalNorwegia109
36%
Lars BystoelNorwegia12
36%
Sigurd PettersenNorwegia6
36%
Ville KanteeFinlandia13
36%
Yuta WataseJaponia5
36%
22.Christof DuffnerNiemcy230
32%
65.Kalle KeituriFinlandia12
32%
58.Manuel FettnerAustria19
32%
57.Michal DolezalCzechy20
32%
67.Morten SolemNorwegia10
32%
31.Toni NieminenFinlandia142
32%
Jakub JiroutekCzechy4
27%
Daniel ForfangNorwegia18
23%
24.Hiroki YamadaJaponia194
23%
Ingemar MayrHolandia9
23%
68.Kristoffer JaafsSzwecja9
23%
Christoph KreuzerHolandia2
18%
Hansjoerg JaekleNiemcy1
18%
39.Ildar FatchullinRosja96
18%
Frank LofflerNiemcy8
14%
Jorg RitzerfeldNiemcy69
14%
Kai BrachtNiemcy5
14%
Olav Magne DonnemNorwegia1
14%
Pekka SalminenFinlandia5
14%
56.Stefan KaiserAustria21
14%
21.Valery KorolevRosja237
14%
50.Dirk ElseNiemcy49
9%
88.Grega LangSłowenia1
9%
63.Hiroya SaitohJaponia13
9%
45.Janne YlijaerviFinlandia57
9%
44.Kimmo YliriestoFinlandia63
9%
62.Lauri HuuskonenFinlandia15
9%
86.Remi SantiagoFrancja2
9%
74.Stanislav FilimonovKazachstan6
9%
Blaz VrhovnikSłowenia18
5%
71.Ole Christian EngerNorwegia8
5%
85.Sota OkamuraJaponia3
5%
Sylvain FrelholzSzwajcaria6
5%

Rozkład punktacji

Percentyl według liczby udzielonych odpowiedzi

Procent ludzi z każdym wynikiem

Twoja historia wyników

Nie rozwiązałeś tego quizu